Hiệp hội các quốc gia Đông Nam Á
Nội dung giới thiệu về bản đồ chính trị và các vấn đề địa lý kinh tế xã hội các nước Asean hiện nay.
Сохранить в:
| Корпоративные авторы: | , |
|---|---|
| Формат: | |
| Язык: | Undetermined |
| Опубликовано: |
Hà Nội
Chính Trị quốc gia
1998
|
| Предметы: | |
| Метки: |
Добавить метку
Нет меток, Требуется 1-ая метка записи!
|
| Thư viện lưu trữ: | Trung tâm Học liệu Trường Đại học Cần Thơ |
|---|
| LEADER | 00864nam a2200217Ia 4500 | ||
|---|---|---|---|
| 001 | CTU_153770 | ||
| 008 | 210402s9999 xx 000 0 und d | ||
| 082 | |a 330.9 | ||
| 082 | |b V500 | ||
| 110 | |a Bộ Ngoại Giao. | ||
| 110 | |b Vụ ASEAN | ||
| 245 | 0 | |a Hiệp hội các quốc gia Đông Nam Á | |
| 245 | 0 | |c Bộ Ngoại Giao. Vụ ASEAN ; Trần Đình Nghiêm (chịu trách nhiệm xuất Bản) | |
| 260 | |a Hà Nội | ||
| 260 | |b Chính Trị quốc gia | ||
| 260 | |c 1998 | ||
| 520 | |a Nội dung giới thiệu về bản đồ chính trị và các vấn đề địa lý kinh tế xã hội các nước Asean hiện nay. | ||
| 650 | |a Economic geography,Địa lý kinh tế | ||
| 650 | |z Asean,Asean | ||
| 904 | |i Qhieu | ||
| 980 | |a Trung tâm Học liệu Trường Đại học Cần Thơ | ||